=LDR 00000nam 2200000 4500 =001 INLIS000000000049555 =005 20170228145535.0 =006 =007 =008 =020 ##$$a 978-979-341-101-9 =035 ##$$0010-021700000000347 =040 ##$$a NBPDMAT =082 ##$$a 324.202 6 =090 ##$$a R.324.202 6 $bInd p =100 ##$$a Indonesia =245 ##$$a Peraturan Perundangan Terbaru Tentang Parati Politik $b: Undang-undang Nomor 2 Tahun 2011 Tentang Perubahan Atas Undang-undang Nomor 2 Tahun 2008 Tentang Partai Politik $c/ Indonesia =250 ##$$a Cet. 1 =260 ##$$a Yogyakarta $b Pustaka Yustisia $c 2011 =300 ##$$a 204 hlm. ; $c 19 cm =650 ##$$a Partai Politik - Undang-undang dan Peraturan =850 ##$$a NBPDMAT =990 ##$$a 21606213 =990 ##$$a 21606214